000 00814nam a2200229 a 4500
001 44669
003 BD-RjUL
005 20211209053910.0
008 160719s1977 ii ||||| |||| 00| 0 ben d
035 _a(BD-RjUL) 44787
040 _aBD-RjUL
_bben
_cBD-RjUL
041 _aben
082 _223
_bSEC 1977
_a891.441
100 1 _aসেন, প্রবোধচন্দ্র
_9118302
245 1 0 _aছন্দ-পরিক্রমা /
_cপ্রবোধচন্দ্র সেন
250 _a২য় পরিবর্ধিত সং.
260 _aকলিকাতা :
_bজিজ্ঞাসা,
_c১৯৭৭
300 _a[২৯], ২৫৪ পৃ. ;
_c২১ সেমি.
650 _aবাংলা কবিতা
_9137005
650 _aBengali poetry
_9137006
942 _2ddc
_cBK
999 _c44669
_d44669